000 00548nas a2200205 4500
001 BR9509507
003 BR-BrBNA
005 20231205094545.0
007 ta
008 230509b bl.|||p| |||| 00| 00por d
040 _aBR-BrBNA
_bpor
_cBiblioteca Nacional de Agricultura
041 _a(Pt)
072 _aL20
100 1 _aAltafini, S.
245 1 _aEsse bicho e de matar
650 _aEscorpiao
773 0 _tNatureza (Brazil)
_x
_g(Sep 1994), v. 7(80) p. 50-52
_wBR9509507
909 _a202311
_bLúcia
_c55
_dLúcia Elande
942 _2AGRIS
_n0
_cANA
999 _c145237
_d145237